Southville International School and Colleges
Your cart is empty.
  • Cart
  • Lists
    Public lists Eva Luna New books Lux_list list_1
    Your lists Log in to create your own lists
  • Log in to your account
  • Your cookies
  • Search history
Southville International School and Colleges
  • Advanced search
  • Recent comments
  • Most popular
  • Libraries

Log in to your account

Log in with GOOGLE


If you do not have an external account, but do have a local account, you can still log in:

  1. Home
  2. MARC view: Beyond revenge :
Normal view MARC view ISBD view

Beyond revenge : (Record no. 24605)

[ view plain ]
MARC details
000 -LEADER
fixed length control field 01238nam a2200229 a 4500
003 - CONTROL NUMBER IDENTIFIER
control field PILC
005 - DATE AND TIME OF LATEST TRANSACTION
control field 20160204142104.0
008 - FIXED-LENGTH DATA ELEMENTS--GENERAL INFORMATION
fixed length control field 111011s19uu xx 00 eng d
010 ## - LIBRARY OF CONGRESS CONTROL NUMBER
LC control number 2007050225
020 ## - INTERNATIONAL STANDARD BOOK NUMBER
International Standard Book Number 9780787977566
050 ## - LIBRARY OF CONGRESS CALL NUMBER
Classification number BF 637.R48
Item number .M43 2008
100 ## - MAIN ENTRY--PERSONAL NAME
Personal name McCullough, Michael E.
245 ## - TITLE STATEMENT
Title Beyond revenge :
Remainder of title the evolution of the forgiveness instinct /
Statement of responsibility, etc Michael E. McCullough.
260 ## - PUBLICATION, DISTRIBUTION, ETC. (IMPRINT)
Place of publication, distribution, etc San Francisco, CA :
Name of publisher, distributor, etc Jossey-Bass,
Date of publication, distribution, etc 2008.
300 ## - PHYSICAL DESCRIPTION
Extent 298 pages ;
Dimensions 24 cm.
500 ## - GENERAL NOTE
General note Includes bibliographical references and index.
520 ## - SUMMARY, ETC.
Summary, etc Contents: Introduction: Three simple truths about revenge and forgiveness -- Putting vengeance and forgiveness back into human nature -- Revenge is a problem : counting the costs -- Revenge is a solution : three evolutionary hypotheses -- The retribution solution : the evidence for adaptation -- Family, friendship, and the functions of forgiveness -- The forgiveness instinct -- The forgiving brain -- To promote and to maintain friendly relations : making forgiveness happen -- From neurons to nations -- Divine forgiveness and righteous revenge -- Homo ignoscens.
650 ## - SUBJECT ADDED ENTRY--TOPICAL TERM
Topical term or geographic name as entry element Revenge.
650 ## - SUBJECT ADDED ENTRY--TOPICAL TERM
Topical term or geographic name as entry element Forgiveness.
942 ## - ADDED ENTRY ELEMENTS (KOHA)
Koha item type Books
Source of classification or shelving scheme Library of Congress Classification
Call number prefix Foreign
Holdings
Withdrawn status Lost status Source of classification or shelving scheme Damaged status Home library Current library Shelving location Date acquired Source of acquisition Cost, normal purchase price Total Checkouts Full call number Barcode Date last seen Date checked out Copy number Price effective from Koha item type
    Library of Congress Classification   College Library College Library General Circulation Section 10/11/2011 Library Fund 1647.00 1 BF 637.R48 .M43 2008 C12837 04/12/2019 04/08/2019 1 10/18/2013 Books

Beyond revenge :

APA

McCullough M. E., . (2008). Beyond revenge. San Francisco, CA: Jossey-Bass.

Chicago

McCullough Michael E, . 2008. Beyond revenge. San Francisco, CA: Jossey-Bass.

Harvard

McCullough M. E., . (2008). Beyond revenge. San Francisco, CA: Jossey-Bass.

MLA

McCullough Michael E, . Beyond revenge. San Francisco, CA: Jossey-Bass. 2008.

  • Place hold
  • Print
  • Cite
  • Add to your cart (remove)
  • Save record
    BIBTEX Dublin Core MARCXML MARC (non-Unicode/MARC-8) MARC (Unicode/UTF-8) MARC (Unicode/UTF-8, Standard) MODS (XML) RIS
  • More searches
    Search for this title in:
    Other Libraries (WorldCat) Other Databases (Google Scholar) Online Stores (Bookfinder.com) Open Library (openlibrary.org)

Exporting to Dublin Core...

SOUTHVILLE LIBRARY

Southville International School and Colleges Library

1281 Tropical Ave. Cor. Luxembourg St., BF Homes International, Las Pinas City

Tel. No. 8256374 / 252358 Loc. 117/146

Powered by Koha